Statistics for 世界の国

Click here to take the quiz!

General Stats

  • This quiz has been taken 7 times
  • The average score is 86 of 196

Answers on the Map

Answers color-coded by a green-red scale on the quiz's map according to % correct below.
 

Answer Stats

Country% Correct
アメリカ
100%
グレートブリテン
86%
ロシア
86%
カナダ
86%
アイスランド
86%
フランス
86%
ノルウェー
71%
オマーン
71%
ブラジル
71%
エクアドル
71%
中国
71%
メキシコ
71%
ペルー
71%
フィンランド
71%
スペイン
71%
コロンビア
71%
韓国
71%
パラグアイ
71%
日本
71%
チリ
71%
ベルギー
71%
デンマーク
71%
サウジアラビア
71%
アイルランド
71%
アルゼンチン
71%
ウルグアイ
71%
ベネズエラ
71%
ポルトガル
71%
イエメン
71%
エストニア
57%
カザフスタン
57%
ポーランド
57%
フィジー
57%
コンゴ
57%
ギリシャ
57%
パプアニューギニア
57%
パナマ
57%
パラオ
57%
ドイツ
57%
ガーナ
57%
ネパール
57%
北朝鮮
57%
ナイジェリア
57%
ニジェール
57%
ニュージーランド
57%
インド
57%
インドネシア
57%
イラン
57%
イラク
57%
オランダ
57%
エジプト
57%
キューバ
57%
イタリア
57%
スウェーデン
57%
ベトナム
57%
オーストラリア
57%
アラブ首長国連邦
57%
ウクライナ
57%
ツバル
57%
トルコ
57%
ベラルーシ
57%
マリ
57%
ラトビア
57%
タイ
57%
タンザニア
57%
リトアニア
57%
台湾
57%
スーダン
57%
スリランカ
57%
モロッコ
57%
チェコ
57%
ジャマイカ
57%
クロアチア
57%
コスタリカ
57%
ソマリア
57%
南アフリカ
57%
中央アフリカ
57%
南スーダン
57%
マーシャル諸島
43%
モナコ
43%
マレーシア
43%
モンゴル
43%
モーリタニア
43%
ナウル
43%
アフガニスタン
43%
ニカラグア
43%
パキスタン
43%
フィリピン
43%
カタール
43%
シンガポール
43%
スロバキア
43%
ソロモン諸島
43%
スリナム
43%
タジキスタン
43%
トーゴ
43%
トンガ
43%
チュニジア
43%
トルクメニスタン
43%
マダガスカル
43%
リビア
43%
ホンジュラス
43%
ドミニカ共和国
43%
グアテマラ
43%
ギニア
43%
ギニアビサウ
43%
ガイアナ
43%
ハイチ
43%
エチオピア
43%
ハンガリー
43%
イスラエル
43%
エリトリア
43%
ケニア
43%
ボリビア
43%
カンボジア
43%
東ティモール
43%
ブルガリア
43%
アゼルバイジャン
43%
アルジェリア
43%
コンゴ民主共和国
43%
コートジボワール
43%
アルメニア
43%
オーストリア
43%
ラオス
43%
バハマ
43%
チャド
43%
ドミニカ
43%
ブルキナファソ
29%
ブルンジ
29%
スロベニア
29%
シエラレオネ
29%
ミャンマー
29%
カメルーン
29%
リヒテンシュタイン
29%
エスワティニ
29%
スイス
29%
セネガル
29%
シリア
29%
ブルネイ
29%
ブータン
29%
ベナン
29%
トリニダード・トバゴ
29%
ベリーズ
29%
バルバドス
29%
バングラデシュ
29%
アンティグア・バーブーダ
29%
ウズベキスタン
29%
バヌアツ
29%
バチカン
29%
セルビア
29%
サンマリノ
29%
キルギス
29%
エルサルバドル
29%
キリバス
29%
モザンビーク
29%
レバノン
29%
ナミビア
29%
マルタ
29%
ジョージア
29%
ガンビア
29%
リベリア
29%
ミクロネシア
29%
クウェート
29%
赤道ギニア
29%
ルーマニア
29%
アルバニア
29%
ルワンダ
29%
セントルシア
29%
北マケドニア
29%
セントビンセント・グレナディーン
29%
サモア
29%
ルクセンブルク
29%
アンゴラ
14%
アンドラ
14%
レソト
14%
モーリシャス
14%
ザンビア
14%
バーレーン
14%
ジブチ
14%
ボスニア・ヘルツェゴビナ
14%
モルドバ
14%
ガボン
14%
セーシェル
14%
キプロス
14%
セントクリストファー・ネイビス
14%
コモロ
14%
カーボベルデ
14%
ジンバブエ
14%
コソボ
14%
グレナダ
14%
ヨルダン
14%
ボツワナ
14%
モンテネグロ
14%
マラウイ
0%
サントメ・プリンシペ
0%
ウガンダ
0%
モルディブ
0%

Score Distribution

Percentile by Number Answered

Percent of People with Each Score

Your Score History

You have not taken this quiz